| 000 | 00862nam a2200229 i 4500 | ||
|---|---|---|---|
| 001 | 13805 | ||
| 003 | ES-MaACL | ||
| 005 | 20250828094148.0 | ||
| 007 | t| | ||
| 008 | 980707s1996 sp a |||| | spa d | ||
| 020 | _a84-88861-60-5 | ||
| 080 | _a726.591.12.034.7/.8(460.25)/(469.53) | ||
| 100 | 1 |
_aVallecillo Teodoro, Miguel Angel. _9112826 |
|
| 245 | 1 | 0 |
_aRetablística alto-alentejana (Elvas, Villaviciosa y Olivenza) en los siglos XVII-XVIII / _cMiguel Ángel Vallecillo Teodoro. |
| 260 |
_aMérida : _bUNED, Centro Regional de Extremadura, _c[1996] |
||
| 300 |
_a390 p. : _bil. ; _c24 cm. |
||
| 650 | 1 | 4 |
_aRetablos- _zPortugal. _9151077 |
| 650 | 4 |
_aRetablos- _zExtremadura. _9151078 |
|
| 710 | 2 |
_aUniversidad Nacional de Educación a Distancia (España). _bCentro Regional de Extremadura _97412 |
|
| 852 |
_aES-MaACL _jL-21270 |
||
| 999 |
_c13805 _d13805 |
||